| 000 | 02187nam a2200601 i 4500 | ||
|---|---|---|---|
| 001 | 991053096935605066 | ||
| 003 | NyNyJPI | ||
| 005 | 20260413163548.0 | ||
| 008 | 231124s2023 pl |000 0 pol c | ||
| 009 | b1000003053209 | ||
| 015 | _aUWD 2025/17456 | ||
| 020 |
_a9788366219908 _q(oprawa miękka) : _czł 49,90 |
||
| 035 | _a(PL)b1000003053209 | ||
| 035 | _a(EXLNZ-48OMNIS_NETWORK)9913626959805606 | ||
| 040 |
_aKR U _cKR U _dKR U _dMBPWR _dLUBL M _dELBLAG M _dMBPB _dOLSZT W _dKOSZ W _dWR M _dELBLAG M _dWA 392 _dWA N |
||
| 045 | 0 | _bd2022 | |
| 046 | _k2023 | ||
| 080 |
_81.1\x _a327(438) |
||
| 080 |
_81.2\x _a327(477) |
||
| 084 | _a10 | ||
| 100 | 1 |
_aParafianowicz, Zbigniew _d(1979- ) _eAutor |
|
| 245 | 1 | 0 |
_aPolska na wojnie / _cZbigniew Parafianowicz. |
| 260 |
_aWarszawa : _bWydawnictwo Czerwone i Czarne, _c2023. |
||
| 300 |
_a262, [2] strony ; _c23 cm. |
||
| 336 |
_aTekst _btxt _2rdacontent |
||
| 337 |
_aBez urządzenia pośredniczącego _bn _2rdamedia |
||
| 338 |
_aWolumin _bnc _2rdacarrier |
||
| 380 | _aKsiążki | ||
| 380 | _aLiteratura faktu, eseje, publicystyka | ||
| 388 | 1 | _a2001- | |
| 500 | _aNa okładce: Nieznane fakty, kulisy rozmów. Wielkość i małość polskiej polityki. | ||
| 600 | 1 | 7 |
_aDuda, Andrzej _d(1972- ) _2DBN |
| 600 | 1 | 7 |
_aZełenski, Wołodymyr _d(1978- ) _2DBN |
| 648 | 7 |
_a2001- _2DBN |
|
| 650 | 7 |
_aAgresja rosyjska na Ukrainę (2022) _2DBN |
|
| 650 | 7 |
_aBezpieczeństwo narodowe _2DBN |
|
| 650 | 7 |
_aPolityka międzynarodowa _2DBN |
|
| 650 | 7 |
_aPolityka wewnętrzna _2DBN |
|
| 650 | 7 |
_aPolityka zagraniczna _2DBN |
|
| 650 | 7 |
_aStosunki bilateralne _2DBN |
|
| 650 | 0 |
_aInternational relations _xHistory _y21st century |
|
| 650 | 0 |
_aRussian Invasion of Ukraine, 2022 _xInfluence. |
|
| 650 | 7 |
_aMiędzynarodowe stosunki polityczne _2DBN |
|
| 651 | 7 |
_aPolska _2DBN |
|
| 651 | 7 |
_aUkraina _2DBN |
|
| 651 | 0 |
_aPoland _xForeign relations _y21st century. |
|
| 651 | 0 |
_aPoland _xForeign relations _zUkraine |
|
| 651 | 0 |
_aUkraine _xForeign relations _zPoland. |
|
| 655 | 7 |
_aPublicystyka polityczna _2DBN |
|
| 658 | _aPolityka, politologia, administracja publiczna | ||
| 710 | 2 |
_aCzerwone i Czarne _eWydawca _4pbl |
|
| 942 |
_2z _cBK _n0 |
||
| 999 |
_c91102 _d91102 |
||